000 00547nam a2200205Ia 4500
005 20250923150101.0
008 008 250917s9999 xx 000 0 eng d
037 _aTextual
040 _aDSWL
_beng
_cDSWL
041 _aeng
_2eng
084 _aS8, POO
_qDSWL
100 _aWorchel, Stephen
_9842049
245 0 _aSocial Psychology
_c by Stephen Worchel
260 _aBelmant
_bWadsworth USA
_c2000
300 _a543p.
365 _aINR
_b1269.9
925 _g1269.9
942 _cTEXL
_hS8, POO
999 _c1459373
_d1459373